• 首页
  • 本馆介绍
  • 公告通知
  • 最新文献
  • 馆藏检索
  • 电子资源
  • 读者导购
  • 参考咨询
  • 我的图书馆
  • 登录
  • 详细信息显示
  • 放入我的书架
  • 预约/预借图书
  • 作者相关作品
  • 分类相关作品
  • 丛书相关作品
  • 出版社相关作品

书目信息

  • 表格格式
  • 工作单格式
  • 卡片格式
题名:
人像摄影史
    
 
作者: 林路 著
分册:  
出版信息: 杭州   浙江摄影出版社  2017
页数: 265页
开本: 24cm
丛书名: 摄影观察丛书
单 册:
中图分类: J409 , J409.1
科图分类:
主题词: 人像摄影--ren xiang she ying--摄影史--世界
电子资源:
ISBN: 978-7-5514-1640-5
000 01231nam 2200301 450
001 012017000043
005 20180418171614.54
010    @a978-7-5514-1640-5@b@dCNY78.00
100    @a20170601d2017 em y0chiy0121 ea
101 0  @achi
102    @aCN@b330000
105    @aa z 000yy
106    @ar
200 1  @a人像摄影史@Aren xiang she ying shi@d= A history of portrait photography@f林路著@g@zeng
210    @a杭州@c浙江摄影出版社@d2017
215    @a265页@c图 (部分彩图)@d24cm
225 2  @a摄影观察丛书@Ashe ying guan cha cong shu
314    @a林路, 上海师范大学教授, 硕士生导师, 中国摄影家协会会员, 上海摄影家协会副主席, 上海翻译家协会会员, 中国知名摄影理论家和艺术策展人。
330    @a本书系统讲述了人像摄影自摄影术发明以来所经历的非凡历程, 人像摄影作为主要的摄影门类, 一直是摄影家喜爱拍摄的题材, 本书全面回顾了摄影史上具有突出成就的人像摄影家及其代表作品, 并以史论的形式梳理了人像摄影的发展历程。
410  0 @12001 @a摄影观察丛书
510 1  @aHistory of portrait photography@zeng
606 0  @a人像摄影@Aren xiang she ying@x摄影史@y世界
690    @aJ409@v5
690    @aJ409.1@v4
701  0 @a林路@Alin lu@4著
801  0 @aCN@b湖北三新@c20170701@g
905    @aBZT@dJ409.1@e1
906    @dCNY78.00@n5@r1
    
    人像摄影史= A history of portrait photography/林路著.-杭州:浙江摄影出版社,2017
    265页:图 (部分彩图);24cm.-(摄影观察丛书)
    
    
    ISBN 978-7-5514-1640-5:CNY78.00
    本书系统讲述了人像摄影自摄影术发明以来所经历的非凡历程, 人像摄影作为主要的摄影门类, 一直是摄影家喜爱拍摄的题材, 本书全面回顾了摄影史上具有突出成就的人像摄影家及其代表作品, 并以史论的形式梳理了人像摄影的发展历程。
●
相关链接 在五车中查询图书 在当当中查询图书 在豆瓣中查询图书


正题名:人像摄影史     索取号:J409.1/1         预约/预借

序号 登录号 条形码 馆藏地/架位号 状态 备注
1 847409   2000847409   第二书库/ [索取号:J409.1/1] 在馆    
2 847410   2000847410   第二书库/ [索取号:J409.1/1] 在馆    
3 847411   2000847411   第二书库/ [索取号:J409.1/1] 已借出,限还日期为2024.12.18
借出人:巩子豪  
 
4 847412   2000847412   第二书库/ [索取号:J409.1/1] 在馆    
5 847413   2000847413   第二书库/ [索取号:J409.1/1] 在馆    
山东省滨州职业学院图书馆 欢迎您!
大连网信软件有限公司© 版权所有